000 00522nam a2200181Ia 4500
999 _c2415
_d2415
003 OSt
005 20200819111251.0
008 190216s9999||||xx |||||||||||||| ||und||
040 _coclc
082 _a541.3
_bALB/P
100 _aAlberty, Robert A
_94211
245 0 _aPhysical Chemistry /
_cRobert A Alberty ; Farrington Daniels
250 _a5th Ed.
260 _bWiley Eastern Ltd,
_c1984.
_aNew Delhi:
300 _a682p
650 _aChemistry
942 _cBK
_2ddc
_h541.3
_iALB/P
_k541.3
_mALB/P